BSOP header

Rao shu de ai {ch} = (Record no. 33794)

MARC details
000 -LEADER
fixed length control field 00957nam a2200229 4500
008 - FIXED-LENGTH DATA ELEMENTS--GENERAL INFORMATION
fixed length control field 091110r20031987ch 000 0 chi
020 ## - INTERNATIONAL STANDARD BOOK NUMBER
International Standard Book Number 9789867955319
020 ## - INTERNATIONAL STANDARD BOOK NUMBER
International Standard Book Number 9867955315 :NT180.00
090 ## - LOCALLY ASSIGNED LC-TYPE CALL NUMBER (OCLC); LOCAL CALL NUMBER (OCLC)
Classification number (OCLC) (R) ; Classification number, CALL (RLIN) (NR) BV4647.F55
Local cutter number (OCLC) ; Book number/undivided call number, CALL (RLIN) St2
-- 2003
100 1# - MAIN ENTRY--PERSONAL NAME
Personal name Stanley, Charles F.
240 10 - UNIFORM TITLE
Uniform title Forgiveness
245 14 - TITLE STATEMENT
Title Rao shu de ai {ch} =
Remainder of title The gift of forgiveness /
Statement of responsibility, etc Charles Stanley; Shi Dan Li, (Stanley Charles F.); Hai-yang Peng; Charles F Stanley.
260 ## - PUBLICATION, DISTRIBUTION, ETC. (IMPRINT)
Place of publication, distribution, etc Tai bei shi :
Name of publisher, distributor, etc Ya ge chu ban : Ji wen she zong dai li,
Date of publication, distribution, etc c2003.
300 ## - PHYSICAL DESCRIPTION
Extent 169 p. ;
Dimensions 22 cm.
490 1# - SERIES STATEMENT
Series statement Xin li cong shu, 10
500 ## - GENERAL NOTE
General note At head of title: Put the past behind you and give--
500 ## - GENERAL NOTE
General note Originally published: Forgiveness. c1987.
650 #4 - SUBJECT ADDED ENTRY--TOPICAL TERM
Topical term or geographic name as entry element Forgiveness
General subdivision Religious aspects
-- Christianity {ch}.
951 ## - EQUIVALENCE OR CROSS-REFERENCE-GEOGRAPHIC NAME/AREA NAME [OBSOLETE] [CAN/MARC only]
General subdivision 00038887
740 02 - ADDED ENTRY--UNCONTROLLED RELATED/ANALYTICAL TITLE
Uncontrolled related/analytical title Put the past behind you and give-- the gift of forgiveness.
951 ## - EQUIVALENCE OR CROSS-REFERENCE-GEOGRAPHIC NAME/AREA NAME [OBSOLETE] [CAN/MARC only]
-- C-9541
-- CHBV4647.F55/St2/2003
-- 091110130344000
-- 2000-12-21
-- CH
Holdings
Withdrawn status Lost status Damaged status Not for loan Home library Current library Shelving location Date acquired Accession number Shelving control number Total Checkouts Full call number Barcode Date last seen Price effective from Koha item type
        BSOP Library BSOP Library Chinese Books (General Circulation) 12/21/2000 C-9541 127   CHBV4647.F55/St2/2003 00038887 02/23/2013 02/23/2013 Books
BSOP

Biblical Seminary of the Philippines
  All rights Reserved
  © 2024

CONTACT INFORMATION

Biblical Seminary of the Philippines,
  77-B Karuhatan Road, Valenzuela City,
  PHILIPPINES 1441
  Phone: +632 8292-6795 / 8292-6798
  Fax : +632 8292-6675
  Email: library@bsop.edu.ph